000 00864cam a22003013a 4500
001 27
003 PGUSA
005 20140828082942.0
008 920301s1992||||xxu|||||s|||||000 1 eng d
040 _aPGUSA
_beng
042 _adc
050 4 _aPR
100 1 _aHardy, Thomas,
_d1840-1928
245 1 0 _aFar from the Madding Crowd
_h[electronic resource] /
_cThomas Hardy
260 _bProject Gutenberg,
_c1992
506 _aPublic domain in the USA.
516 _aElectronic text
653 _aFarm life -- Fiction
653 _aWomen farmers -- Fiction
653 _aLove stories
653 _aDidactic fiction
653 _aWessex (England) -- Fiction
653 _aPastoral fiction
653 _aTriangles (Interpersonal relations) -- Fiction
830 0 _aProject Gutenberg
_v27
856 4 0 _uhttp://www.gutenberg.org/ebooks/27
942 _cEB
999 _c229398
_d229398